Možnosti využitia neuromarketingových nástrojov pri skúmaní spotrebiteľa bakalárska práca

Saved in:
Bibliographic Details
Main Author: Vojtech, Matej
Corporate Author: Obchodná fakulta EU. Katedra marketingu
Other Authors: Hula, Róbert, 1992-
Format: Book
Language:Slovak
Published: Bratislava 2022
Tags: Add Tag
No Tags, Be the first to tag this record!

MARC

LEADER 00000nbm a2200000 4500
001 0285781
005 20230104111039.2
041 0 |a slo 
044 |a SK 
245 1 0 |a Možnosti využitia neuromarketingových nástrojov pri skúmaní spotrebiteľa  |b bakalárska práca  |c Matej Vojtech ; školiteľ: Róbert Hula 
264 1 |a Bratislava  |c 2022 
300 |a 44 s. 
100 1 |a Vojtech, Matej 
700 1 |a Hula, Róbert, 1992- 
710 2 |a Obchodná fakulta EU. Katedra marketingu